000 00401nam a2200145Ia 4500
008 231217s9999 xx 000 0 und d
041 _aEnglish
082 _a658.3 SAR;5
100 _aSargent, Andrew.
245 0 _aHow to motivate people: Turning people on
260 _c2003
_bJaico Publishing House,
_aMumbai
300 _aix+95
650 _amotivate,people,(turning,people,on)
942 _cAA
999 _c170323
_d170323